000 00432nam a2200169Ia 4500
008 230524s9999 xx 000 0 und d
082 _a515021
_bBAA
100 _aSara Baase
245 0 _aComputer Algorithms (Introduction to Design & Analysis
250 _a3RD
260 _aNEW DELHI
_bPearson
_c2003
300 _aXIX;679
500 _aQuantity Number: 2
650 _aComp-Sc
700 _aAllen Van Gelder
942 _cBK
999 _c36262
_d36262